| 000 | 00677nam a2200181 i 4500 | ||
|---|---|---|---|
| 001 | 150513 | ||
| 003 | ES-MaACL | ||
| 005 | 20230906203540.0 | ||
| 007 | t| | ||
| 008 | 071031s1913 mx ||||1| spa d | ||
| 100 | 1 |
_aValdés, Manuel. _9112511 |
|
| 245 | 1 | 0 |
_aMemoria de la guerra de reforma _b: diario del coronel Manuel Valdés / _cprecedido de una introducción por Alberto M. Carreño. |
| 260 |
_aMéxico : _b[s.n.], _c1913 ( _fImp. y Fototipia de la Secretaría de Fomento) |
||
| 300 |
_aXII, 222 p. ; _c23 cm. |
||
| 500 | _aPrecede al tít.: Sociedad Mexicana de Geografía y Estadística. | ||
| 700 | 1 |
_aCarreño, Alberto María. _935611 |
|
| 852 |
_aES-MaACL _jG-4974 |
||
| 999 |
_c150513 _d150513 |
||